Normal view
MARC view
- العكشة، خولة سابا
Entry Personal Name
001 - CONTROL NUMBER
- control field: 63705
003 - CONTROL NUMBER IDENTIFIER
- control field: JO-AjAnu
005 - DATE AND TIME OF LATEST TRANSACTION
- control field: 20230606084410.0
008 - FIXED-LENGTH DATA ELEMENTS
- fixed length control field: 230606|| aca||aabn | a|a d
040 ## - CATALOGING SOURCE
- Original cataloging agency: JO-AjAnu
- Transcribing agency: JO-AjAnu
100 ## - HEADING--PERSONAL NAME
- Personal name: العكشة، خولة سابا
670 ## - SOURCE DATA FOUND
- Source citation: Work cat.: (JO-AjAnu)32479: العكشة، خولة سابا, author, وثائق عن الاتحاد العربي بين الأردن والعراق في أوراق سابا العكشة